00653nam a2200205Ia 450000500170000000800460001703700110006304000080007404000080008204000080009004100080009804100080010608400080011410000370012224501400015926000090029930000100030865000110031870001180032920260430150556.0008 250103s9999 xx 000 0 eng d aTheses aCRL beng ceng 2eng aeng qCRL aNegi Geeta Au.; Sharma Lalit Gu. 0aDevelopment of Structural Equation Modeling for Selected Precursors as Mediating Effect on Sports Performance Among Volleyball Players c2024 a279p. aSports aUniversity of Delhi. Faculty of Inter-Disciplinary&Applied Science. Deptt. of Physical Education & Sports Science